[Event "Pamplona 0102"]
[Site "Pamplona"]
[Date "2002.01.01"]
[Round "5"]
[White "Radjabov, Teimour"]
[Black "Narciso Dublan, Marc"]
[Result "1/2-1/2"]
[WhiteElo "2567"]
[BlackElo "2517"]
[Annotator "Tsesarsky,I"]
[PlyCount "104"]
[EventDate "2001.12.27"]
[EventType "tourn"]
[EventRounds "9"]
[EventCountry "ESP"]
[EventCategory "14"]
[SourceTitle "CBM 087"]
[Source "ChessBase"]
[SourceDate "2002.03.21"]
[SourceVersion "1"]
[SourceVersionDate "2002.03.21"]
[SourceQuality "1"]

1. d4 d5 2. c4 e6 3. Nf3 c5 4. e3 Nf6 5. Nc3 Nc6 6. dxc5 Bxc5 7. a3 a5 $11 {
This natural way to prevent b2-b4 can be recommended. Black has sufficient
counterplay.} (7... O-O 8. b4 {-mainline}) 8. b3 {In various games played this
position Black had equalized:} (8. Be2 O-O 9. O-O (9. cxd5 exd5 10. O-O d4 $11)
9... dxc4 10. Qc2 e5 11. Bxc4 Bg4 12. Ng5 Bh5 13. Bd3 h6 14. Nge4 Nxe4 15. Bxe4
Ba7 16. Bd2 Bg4 17. h3 Be6 $11 {1-0 Reshevsky,S-Euwe,M/NLD/URS 1948/MainBase 
(36)}) (8. Nb5 O-O 9. Qc2 dxc4 (9... b6 10. b3 Ba6 11. cxd5 exd5 12. Bd3 Rc8
13. O-O Bb7 14. Bf5 $14 {1/2-1/2 Luczynowicz,W-Nowak,A/Rzeszow 1977/EXT 99 (38)
}) 10. Bxc4 Qe7 11. O-O b6 $11) (8. Qc2 Qe7 9. Be2 (9. Bd2 O-O 10. Rc1 d4 $132
{1-0 Bussas,H-Becker,M/Germany 1996/EXT 99 (25)}) 9... O-O 10. O-O Rd8 11. Rd1
h6 12. Bd2 dxc4 13. Bxc4 e5 $11 {1/2-1/2 Mestel,A-Gurevich,D/Hastings 1982/MCD
(45)}) (8. cxd5 exd5 9. Be2 O-O 10. O-O Be6 11. Nb5 (11. Nd4 Ne5 $132 {0-1
Tuominen,R-Eriksson,J/Tammisaari 1997/EXT 99 (39)} (11... Nxd4 12. exd4 Bd6 $11
)) 11... Ne4 12. Bd2 Qb6 13. Bc3 Nxc3 14. bxc3 $11 {1/2-1/2 Frey,K-Dlugy,M/
Havana 1985/MCD (15)}) 8... O-O ({Pemature is} 8... d4 $6 {in view of} 9. Na4
Ba7 10. exd4 Nxd4 11. Bb2 $1 (11. Nxd4 Bxd4 12. Bb2 e5 13. Be2 O-O 14. O-O Bxb2
15. Nxb2 Bf5 $11 {0-1 Rossi,G-Manca,F/Padova 1999/CBM 73 ext (45)}) 11... Nxf3+
12. Qxf3 $14) 9. Bb2 Qe7 10. cxd5 exd5 (10... Rd8 11. Be2 (11. Bd3 exd5 $11 {
[%cal Gd5d4]} (11... Nxd5 $6 12. Nxd5 Rxd5 13. Qc2 h6 14. Bh7+ Kf8 (14... Kh8
15. Be4 Rd8 16. Bxc6 bxc6 17. Ne5 $16 {[%csl Rc6,Rf7]}) 15. Be4 Rd8 16. O-O Bd7
17. Rfd1 $14)) 11... exd5 (11... Nxd5) 12. Nb5 Bf5 13. O-O Be4 $11 {1/2-1/2
Miles,A-Hort,V/La Valetta 1980/EXT 2000 (27)}) 11. Be2 Be6 (11... Rd8 {[%cal
Gd5d4]} 12. Na4 Ba7 13. O-O Bf5 $11 (13... Bg4 $11)) 12. O-O Rac8 13. Nb5 Ne4
14. Nbd4 (14. Rc1 Rfd8 $11) 14... Nxd4 {In this type of position NN exchange
is in White's favour because of isolated Pd5.} (14... Bg4 15. h3 Bd7 $132) 15.
Nxd4 {[%csl Gd4,Rd5]} Bd6 16. Bf3 Bd7 17. Qe2 Rc7 18. g3 Rfc8 {Black occupied
the open c-file and wants to simplify position by total RR exchange.} 19. Rfd1
g6 20. Qe1 b6 21. Bg2 h5 22. a4 h4 23. Rac1 {White can't improve his position
and changes RR.} hxg3 24. hxg3 Rxc1 25. Rxc1 Rxc1 26. Qxc1 Bc5 27. Qc2 Kh7 28.
Ba1 {Position is equal, isolated Pd5 is not weak.} Bd6 ({Possible was also} 
28... Qe5 $11) 29. Nc6 $5 Bxc6 (29... Qe6 $2 30. Nd8 $1 (30. Qb2 $6 f6 31. Nd4
Qg4 32. Qc2 Bxg3 33. fxg3 Qxg3 34. Kf1 (34. Qe2 Bg4 35. Qf1 Qxe3+ 36. Kh2 Qh6+
37. Kg1 Qe3+ $11) 34... Bh3 35. Bxh3 Qxh3+ 36. Qg2 Qxe3 37. Qh2+ Kg7 38. Qc7+
$11) 30... Qe7 (30... Qf5 31. g4 Qxg4 32. Nxf7 $16 {[%cal Ga1e5]}) 31. Nb7 Bb4
32. Qc7 $16) 30. Qxc6 Be5 $2 $16 {Serious mistake!} ({Why not} 30... Bc5 $1 31.
Qc8 (31. Qxd5 Nxf2 $1 $15) (31. Qa8 {[%csl Rh8][%cal Ga8h8]} f6 32. Bd4 Bxd4
33. exd4 Nxg3 34. fxg3 Qe3+ 35. Kh2 Qh6+ 36. Bh3 Qd2+ $11) 31... f6 32. Qc6
Nxf2 33. Bxf6 Qxe3 34. Qd7+ Kh6 35. Kh2 Bf8 36. Bd8 $44) 31. Bxe4 Bxa1 32. Bxd5
Kg7 33. Qxb6 {[%csl Ga1,Gd5] Despite 2PP lack Black has good chances for
successful resistnce because of opposite colour BB.} Bc3 34. Qc6 Qf6 35. Qc4
Be1 36. Qe2 Bb4 37. Kg2 Qf5 38. e4 Qf6 39. e5 Qf5 40. f4 g5 41. Be4 Qe6 42. Qf3
gxf4 43. gxf4 Kf8 44. Kf1 Qc8 45. Bd5 $2 {Allows Black to exchange QQ
immediately and to build fortress.} ({It was necessary to avoid QQ exchange:} 
45. Bc6 Qf5 46. Bb5 Qb1+ 47. Kg2 Qc2+ 48. Be2 $16) 45... Qc1+ 46. Kg2 Qd2+ 47.
Kh3 Qc3 {[%csl Rf3][%cal Gc3h3]} 48. Kg4 Qxf3+ 49. Bxf3 Ke7 50. Kf5 (50. f5 f6
51. e6 Be1 $11 {Fortress}) 50... Bd2 51. Bd5 Bb4 52. Kg5 f6+ (52... f6+ 53.
exf6+ Kf8 {[%cal Gb4e1,Ge1b4] Fortress}) 1/2-1/2

[Event "FIDE GP"]
[Site "Dubai"]
[Date "2002.04.03"]
[Round "1.1"]
[White "Jasim, AR Saleh"]
[Black "Radjabov, Teimour"]
[Result "1/2-1/2"]
[WhiteElo "2280"]
[BlackElo "2599"]
[PlyCount "109"]
[EventDate "2002.04.03"]
[EventType "k.o. (rapid)"]
[EventRounds "5"]
[EventCountry "UAE"]
[SourceTitle "CBM 089"]
[Source "ChessBase"]
[SourceDate "2002.08.12"]
[SourceVersion "1"]
[SourceVersionDate "2002.08.12"]
[SourceQuality "1"]

1. e4 e6 2. Qe2 c5 3. g3 Nc6 4. Nf3 g6 5. Bg2 Bg7 6. O-O Nge7 7. d3 d6 8. c3
O-O 9. Be3 b6 10. Na3 Ba6 11. Rfd1 Rc8 12. Qc2 b5 13. c4 Nd4 14. Qd2 bxc4 15.
dxc4 Nec6 16. Rac1 Nxf3+ 17. Bxf3 Qf6 18. Be2 Qxb2 19. Nb5 Qxd2 20. Rxd2 Bxb5
21. cxb5 Nd4 22. Bxd4 Bxd4 23. Rc4 f5 24. exf5 gxf5 25. Ra4 Rc7 26. Ra6 Rd8 27.
a4 Kf7 28. a5 d5 29. b6 axb6 30. Rxb6 Bc3 31. Ra2 c4 32. a6 Bd4 33. Rb5 Ba7 34.
Kf1 Ke7 35. f4 d4 36. Rb7 Rdd7 37. Rxc7 Rxc7 38. Rc2 c3 39. Bd3 Rc8 40. Ke2 Rb8
41. Ra2 Kd6 42. Bc2 Rb5 43. Bd3 Rc5 44. Kd1 Rc8 45. Re2 Rc5 46. Ra2 Rc8 47. Re2
h6 48. Kc2 Rb8 49. Kd1 Rb4 50. Ra2 Kd7 51. Kc2 Rb8 52. Kd1 Kd6 53. Re2 Rb4 54.
Ra2 Rb8 55. Re2 1/2-1/2

[Event "FIDE GP"]
[Site "Dubai"]
[Date "2002.04.03"]
[Round "1.2"]
[White "Radjabov, Teimour"]
[Black "Jasim, AR Saleh"]
[Result "1-0"]
[WhiteElo "2599"]
[BlackElo "2280"]
[PlyCount "61"]
[EventDate "2002.04.03"]
[EventType "k.o. (rapid)"]
[EventRounds "5"]
[EventCountry "UAE"]
[SourceTitle "CBM 089"]
[Source "ChessBase"]
[SourceDate "2002.08.12"]
[SourceVersion "1"]
[SourceVersionDate "2002.08.12"]
[SourceQuality "1"]

1. d4 g6 2. c4 Bg7 3. Nf3 d6 4. Nc3 Nd7 5. e4 e5 6. Be2 Ngf6 7. O-O O-O 8. Be3
h6 9. dxe5 dxe5 10. Nd2 Nh7 11. c5 f5 12. exf5 gxf5 13. f3 Ng5 14. Rc1 Kh8 15.
b4 Ne6 16. Nb3 Qh4 17. a3 Nf6 18. Qe1 Qh5 19. Nd2 Qg6 20. Nc4 Nh5 21. Nd5 Qf7
22. Qh4 f4 23. Bf2 Nd4 24. Bxd4 exd4 25. Nxc7 Bf6 26. Nd6 Qg6 27. Bd3 Qxd3 28.
Qxh5 Rb8 29. Qxh6+ Kg8 30. Nd5 Bg7 31. Ne7# 1-0

[Event "FIDE GP"]
[Site "Dubai"]
[Date "2002.04.04"]
[Round "2.1"]
[White "Grischuk, Alexander"]
[Black "Radjabov, Teimour"]
[Result "1-0"]
[WhiteElo "2671"]
[BlackElo "2599"]
[Annotator "Psakhis,L"]
[PlyCount "67"]
[EventDate "2002.04.03"]
[EventType "k.o. (rapid)"]
[EventRounds "5"]
[EventCountry "UAE"]
[SourceTitle "CBM 089"]
[Source "ChessBase"]
[SourceDate "2002.08.12"]
[SourceVersion "1"]
[SourceVersionDate "2002.08.12"]
[SourceQuality "1"]

1. e4 e6 2. d4 d5 3. e5 c5 4. c3 Nc6 5. Nf3 Bd7 6. Be2 Rc8 7. O-O a6 {Quite
fashionable line. Black doesn't want to take on d4 before the white knight b1
will make a move.} 8. Kh1 $5 $146 {[%mdl 4] New move. I found that Grischuk
likes to make this move almost in every game in the advance variation.} (8.
dxc5 Bxc5 9. Bf4 Nge7 10. Bd3 f5 11. exf6 gxf6 12. Nh4 O-O 13. Qg4+ Kh8 14. Qh5
f5 15. b4 Bb6 16. Nd2 Bc7 $13 {1/2-1/2 Oll,L-Ivanchuk,V/Polanica Zdroj 1998/
CBM 67 (25)}) (8. a3 cxd4 9. cxd4 Nge7 10. Nc3 Nf5 11. g4 Nh4 12. Nxh4 Qxh4 13.
Be3 g5 14. Na4 h5 $132 {1/2-1/2 Xie Jun-Karpov,A/Guanzhou m 2000/CBM 77 (39)})
(8. Na3 $5) 8... Nge7 (8... cxd4 $5 {In the next game between the same players
Radjabov choose a different plan:} 9. cxd4 Nge7 10. Nc3 Ng6 11. Bd3 Be7 12. Be3
O-O 13. Re1 Na5 14. Rc1 Nc4 15. Rc2 Nxe3 16. fxe3 b5 $13 {Grischuk,A-Radjabov,
T/FIDE GP Dubai 2002 1-0 (59) and came much closer to equalization}) 9. dxc5 $1
Ng6 10. Be3 Ncxe5 11. Nxe5 Nxe5 12. b4 Be7 13. Nd2 {Maybe white's advantage is
not big , but stable. He has a strong pawn's chain on the << and active pieces.
} Nc6 14. f4 Bf6 15. Rc1 O-O ({Worth considering} 15... Ne7 $5 {with the idea}
16. g4 O-O {[%cal Gd8e8,Gd7b5]}) 16. Nf3 Re8 $6 ({I think that Black had to
play} 16... Ne7 $5 {with possible continuations.} 17. Nd4 (17. a4 Qe8 $1) 17...
Bxd4 18. Bxd4 Bb5 19. Bxb5 axb5 20. Qd3 Qd7 21. Rce1 Ra8 $13) 17. a4 $1 Qc7 (
17... a5 18. b5 Ne7 19. Ne5 $5 {[%csl Rd7]}) 18. Bd3 g6 19. b5 axb5 20. axb5
Ne7 21. Bd4 {It became clear that White seized an initiative} Bg7 $8 22. Qd2 f6
$8 23. c4 {White will systematically improve his position, black is unable to
defend both flanks.} dxc4 (23... e5 $6 24. fxe5 fxe5 25. cxd5 exd4 (25... Nxd5
26. Bc4 Be6 27. Ng5 $5 $18 (27. Bxe5 Bxe5 28. Bxd5 $18))) (23... Bh6 $5 {
[%cal Gh6d2]}) 24. Bxc4 Nf5 (24... Bh6 25. Bxf6 Bxf4 26. Qe1 Nd5 $8 (26... Bxc1
27. Bxe6+ Bxe6 28. Qxe6+ Kf8 29. Ne5 $18) 27. Be5 Bxe5 28. Nxe5 Rf8 $16 (28...
Re7 29. Nxg6 $5 hxg6 30. Bxd5 $18)) 25. Bg1 (25. Bb2 $5) 25... Rcd8 26. Qa2 (
26. Nd4 $5) 26... Qxf4 $6 {This move lost almost by force,} ({Black could try
to organize defense after} 26... Kh8 $142 $5) 27. Nd4 Qg4 28. Rxf5 $1 gxf5 (
28... Ra8 $5) 29. c6 bxc6 30. bxc6 Bxc6 (30... Bc8 31. Nxe6 Bxe6 32. Bxe6+ Kh8
33. c7 $18 {[%csl Gc7]}) 31. Bxe6+ Kh8 32. Nxc6 $18 {[%csl Rg7]} Rd1 $6 (32...
Rd6 $142) 33. h3 Qh5 34. Bf7 1-0

[Event "FIDE GP"]
[Site "Dubai"]
[Date "2002.04.04"]
[Round "2.2"]
[White "Radjabov, Teimour"]
[Black "Grischuk, Alexander"]
[Result "1-0"]
[WhiteElo "2599"]
[BlackElo "2671"]
[Annotator "Ftacnik,L"]
[PlyCount "93"]
[EventDate "2002.04.03"]
[EventType "k.o. (rapid)"]
[EventRounds "5"]
[EventCountry "UAE"]
[SourceTitle "CBM 089"]
[Source "ChessBase"]
[SourceDate "2002.08.12"]
[SourceVersion "1"]
[SourceVersionDate "2002.08.12"]
[SourceQuality "1"]

1. d4 d5 2. c4 e6 3. Nc3 c5 4. cxd5 exd5 5. Nf3 Nc6 6. Bf4 Nf6 7. e3 cxd4 8.
Nxd4 Bd6 9. Bb5 $1 {Very unpleasant, but logical novelty as black finds it
very hard to defend both c6 and d6 squares.} (9. Bxd6 Qxd6 10. Bb5 O-O 11. O-O
Bd7 12. Be2 a6 13. Rc1 b5 14. Bf3 Rac8 15. Re1 Nxd4 16. Qxd4 Rc4 17. Qd3 Rfc8 {
0-1 Kalbhenn,J-Grosse,K/Bad Zwesten 1999/ (59)}) 9... O-O (9... Qd7 10. Qa4
Bxf4 11. Nxc6 a6 12. Nd4 axb5 13. Qxa8 $18) (9... Qc7 10. Nxc6 bxc6 11. Nxd5 $1
Nxd5 12. Qxd5 Qa5+ 13. Ke2 Qxb5+ 14. Qxb5 cxb5 15. Bxd6 $16) 10. Nxc6 bxc6 11.
Bxc6 Rb8 (11... Bg4 12. f3 Bxf4 13. Bxa8 Qe7 14. Bxd5 $18) 12. Bxd6 Qxd6 13.
Bxd5 Nxd5 (13... Qb4 14. O-O (14. Bb3 Be6 15. Bxe6 fxe6 16. Rb1 Ne4 17. O-O
Rfd8 18. Qg4) 14... Ba6 (14... Qxb2 $2 15. Rb1 $18) 15. Re1 Qxb2 $14) 14. Qxd5
Qxd5 15. Nxd5 Rxb2 16. O-O Be6 {[%mdl 4096] Grischuk managed to liquidate to
the worse ending with the substiantial drawing chances.} (16... Rd8 17. Rfd1
Kf8 18. a3 Bg4 19. f3 Be6 20. Nf4 $16) 17. Ne7+ (17. Rfd1 Bxd5 18. Rxd5 Rfb8
19. Rad1 Kf8 20. a4 Ra2 21. a5 g6 $14) 17... Kh8 18. a3 Rd8 (18... Rb7 19. Nc6
Rc8 20. Rfd1 Rbc7 21. Nd4 $16) 19. Nc6 Rdd2 20. Rad1 (20. Nxa7 $5 h6 (20... Bc4
21. Rac1 Ba6 22. Rfd1 Rbc2 23. h3 $18) (20... g5 21. Nc6 Bc4 22. Rfb1 Rxf2 23.
Rxb2 Rxb2 24. Ne5 Bd5 25. Rd1 $16) 21. Nc6 Bc4 22. Rfb1 Rxf2 23. Rxb2 Rxb2 24.
Ne5 Bd5 25. Nf3 $16) 20... g6 (20... a6 21. Rxd2 Rxd2 22. Nd4 $14) 21. Rxd2
Rxd2 22. Ra1 (22. Nxa7 Ra2 23. Nb5 $2 Bc4 24. Nc3 Rc2 $17) 22... Kg7 23. h4 (
23. Nxa7 $6 Bd7 24. Kf1 Rd5 25. Rc1 Ra5 26. Rc7 Be6 $14) 23... a6 24. Nd4 a5 (
24... Bd5 25. Rc1 $16) 25. Rc1 Rd3 26. Nxe6+ fxe6 27. Rc7+ {The rook ending is
very difficult for the defender as white rook is able to cause quite a harm.}
Kf6 (27... Kh6 28. g4 (28. a4 Ra3 29. Rc4 $16) 28... Rxa3 29. Re7 e5 30. Rxe5
$16) 28. Rxh7 Rxa3 29. g4 Ra4 30. g5+ Kf5 31. Kg2 Ra1 $2 (31... Rb4 $5 32. Kg3
Rg4+ 33. Kh3 Rg1 34. Ra7 Ra1 $16) 32. Rf7+ Kg4 (32... Ke5 33. Rf6 a4 34. Rxg6
a3 35. Rg8 a2 36. Ra8 $18) 33. Rf4+ Kh5 34. Re4 e5 (34... a4 35. Rxe6 Kxh4 36.
Rxg6 Kh5 37. Rg8 a3 38. Kf3 a2 39. Ra8 Kxg5 40. Ke4 Kf6 41. Ra6+ Ke7 42. Ke5
Kf7 43. e4 Ke7 44. f4 $18) 35. Rxe5 Kxh4 36. Kf3 a4 37. Kf4 Kh3 (37... Rg1 38.
f3 a3 39. Ra5 Ra1 40. Ra6 $18) 38. Re6 Kg2 39. Rxg6 {Finally Radjabov ends up
with two pawns against the one of his opponent and the positional is a
technical win.} (39. f3 Rf1 40. Rxg6 Rxf3+ 41. Ke4 Rg3 $16) 39... Kxf2 40. Ra6
Ke2 41. e4 Kd3 42. Ke5 Kc4 (42... Rg1 43. g6 Kc3 44. Rxa4 Rxg6 45. Kd5 $18) 43.
g6 Kb3 (43... Kb5 44. g7 Rg1 45. Ra7 $18) 44. g7 Rg1 45. Kf6 a3 46. Kf7 a2 (
46... Rf1+ 47. Kg6 Rg1+ 48. Kh7 Rh1+ 49. Rh6 $18) 47. g8=Q 1-0

[Event "FIDE GP"]
[Site "Dubai"]
[Date "2002.04.04"]
[Round "2.3"]
[White "Grischuk, Alexander"]
[Black "Radjabov, Teimour"]
[Result "1-0"]
[WhiteElo "2671"]
[BlackElo "2599"]
[Annotator "Hecht,H"]
[PlyCount "117"]
[EventDate "2002.04.03"]
[EventType "k.o. (rapid)"]
[EventRounds "5"]
[EventCountry "UAE"]
[SourceTitle "CBM 089"]
[Source "ChessBase"]
[SourceDate "2002.08.12"]
[SourceVersion "1"]
[SourceVersionDate "2002.08.12"]
[SourceQuality "1"]

1. e4 e6 2. d4 d5 3. e5 c5 4. c3 Nc6 5. Nf3 Bd7 6. Be2 Rc8 7. O-O a6 8. Kh1
cxd4 9. cxd4 Nge7 10. Nc3 Ng6 11. Bd3 Be7 12. Be3 O-O 13. Re1 Na5 14. Rc1 Nc4
15. Rc2 Nxe3 16. fxe3 b5 17. a3 Qb6 18. h4 Bxh4 19. Nxh4 Nxh4 20. Bxh7+ Kxh7
21. Qh5+ Kg8 22. Qxh4 Qd8 23. Qxd8 Rfxd8 24. Rec1 f6 25. Ne2 Rc4 26. b3 Rxc2
27. Rxc2 Rc8 28. Rxc8+ Bxc8 {Guter Springer vs schlechter Läufer. Der Springer
leistet ganze Arbeit. Beachte aber den dunklen Punkt Zug 49.} 29. b4 Kf7 30.
Kh2 Kg6 31. g4 f5 32. Kg3 Kg5 33. gxf5 Kxf5 34. Kf3 Bd7 35. Nc1 Kg5 36. Kg3 Kf5
37. Nb3 Kg5 (37... Ke4 38. Nc5+) 38. Nc5 Bc8 39. e4 $1 dxe4 40. Nxe4+ Kh5 (
40... Kf5 41. Nd6+) 41. Nc5 Kg5 42. Ne4+ Kh5 43. Kf4 {[%csl Yg5]} Kh4 44. Ng5
Bd7 45. d5 $1 exd5 46. e6 Be8 47. Nf7 d4 48. Ke4 g5 49. Nd6 g4 (49... Bc6+ $6
50. Kxd4 g4 51. Kc5 $18) (49... Bg6+ $1 50. Kxd4 g4 $11) 50. Nxe8 g3 51. Nd6 g2
52. e7 g1=Q 53. e8=Q Qe3+ 54. Kd5 Qxe8 55. Nxe8 d3 56. Nd6 d2 57. Nf5+ Kg4 58.
Ne3+ Kf3 59. Nd1 1-0

[Event "FIDE GP"]
[Site "Dubai"]
[Date "2002.04.04"]
[Round "2.4"]
[White "Radjabov, Teimour"]
[Black "Grischuk, Alexander"]
[Result "0-1"]
[WhiteElo "2599"]
[BlackElo "2671"]
[Annotator "Huzman,A"]
[PlyCount "58"]
[EventDate "2002.04.03"]
[EventType "k.o. (rapid)"]
[EventRounds "5"]
[EventCountry "UAE"]
[SourceTitle "CBM 089"]
[Source "ChessBase"]
[SourceDate "2002.08.12"]
[SourceVersion "1"]
[SourceVersionDate "2002.08.12"]
[SourceQuality "1"]

1. d4 d5 2. c4 dxc4 3. e4 e5 4. Nf3 exd4 5. Bxc4 Bb4+ 6. Nbd2 Nc6 7. O-O Nf6 8.
e5 Nd5 9. Nb3 Nb6 10. Bb5 Qd5 11. Bxc6+ Qxc6 12. Bd2 Bxd2 $146 (12... Be7 13.
Rc1 Qg6 14. Rxc7 Nd5 15. Rc4 d3 16. Rd4 Be6 17. Ne1 O-O 18. Nxd3 Rad8 19. Ndc5
Nb6 20. Nxe6 Qxe6 21. Bb4 $18 {1-0 Beliavsky,A-Matulovic,M/Becici 1993/EXT
2000 (31)}) 13. Qxd2 Bg4 14. Nfxd4 (14. Rac1 Qd7 15. Nfxd4 {This is the
critical position. It is very difficult to find a clear way to equalize it.} (
15. Nc5 Qd5) 15... O-O (15... O-O-O 16. Qa5 $1) (15... Rd8 16. f3 Be6 17. Nxe6
Qxd2 (17... Qxe6 18. Qa5 $16) 18. Nxg7+ Kf8 19. Nxd2 $16) 16. f3 Be6 (16... Bh5
17. Rfd1 $14) 17. Nxe6 Qxe6 18. Rxc7 Qxe5 19. Rxb7 $16) 14... Qd7 15. h3 (15.
Rac1 $5) 15... Be6 16. Nxe6 (16. Nc5 Qd5 17. Qc3 O-O 18. Rfd1 Qxe5 (18... Rad8
$2 19. Rd3 $1 Qxe5 20. Ndxe6 Qxc3 21. Rxc3 $18) 19. Ndxe6 Qxc3 20. bxc3 fxe6
21. Nxe6 Rf5 $11) 16... fxe6 17. Qg5 (17. Qxd7+ Nxd7 18. Rac1 O-O-O $11) (17.
Rad1 O-O-O 18. Qc2 Nd5 $11) 17... Nd5 (17... O-O 18. Nc5 Qd5 19. Rac1 Rf5 20.
Qe7 Qxe5 21. Rfe1 $36) 18. Qg4 (18. Nc5 Qe7 19. Qxe7+ Kxe7 20. Nxb7 Rhb8 21.
Na5 Rxb2 $15) 18... h5 $1 19. Qe2 {[%cal Gb3c5]} Qe7 20. Rac1 O-O-O 21. Nc5 g5
{Black's perspectives for an attack are higher than White's ones because the
pawn on h3 helps Black to open lines on the king side.} 22. Qb5 c6 23. Qa4 Kb8
24. g3 $2 (24. Rfd1 $142 g4 $140 25. h4) 24... h4 $1 $17 25. Qg4 $6 (25. g4 Nf4
26. Kh2 Rd5 $17) 25... Rh6 $1 26. Ne4 hxg3 27. Qxg3 $2 {Capitulation.} ({
The white position was still defendable after} 27. fxg3 Rdh8 $1 (27... Ne3 28.
Qxg5 Qxg5 29. Nxg5 Nxf1 30. Rxf1 $44) 28. Nxg5 (28. Qxg5 Rxh3 (28... Qb4 29.
Nf2) 29. Qxe7 Nxe7 30. Kf2 Rh2+ 31. Ke3 Rxb2 32. Rf7 Nf5+ 33. Kf4 Rxa2 $17)
28... Ne3 29. Qf4 Nxf1 30. Rxf1 $44) 27... Nf4 $19 28. Rfe1 Rd3 29. Qg4 Rh4 0-1